000
00304nam a22001217a 4500
008
170204b xxu||||| |||| 00| 0 eng d
041
_a
eng
080
_a
61
100
_a
3
101
_a
SHM
245
_a
DIRECTORY OF SERVICES AND INTERPRETIVE GUIDE
_c
AMERICAN MEDICAL ASSOCIATION (AMA)
942
_2
udc
_c
BK
999
_c
4595
_d
4595